000 00311nam a2200145Ia 4500
100 _aKoirala Shivprasad
942 _cBK
366 _f25
245 _aProject Management:Interview Question
260 _bBPB
_c2008
082 _a658.404
_bKOI
300 _a202
546 _aENGLISH
_cInfo.Tech
999 _c21376
_d21376